Eniten Intiassa vierailevat valtiot - Statistics

Yleistilastot
  • Tätä visaa on pelattu 356 kertaa
  • Keskiarvotulos 11 / 15
Vastaustilastot
Vierailijoita Valtio % Oikein
1 804 586 Yhdysvallat
96%
194 875 Japani
88%
476 273 Kanada
88%
206 855 Ranska
88%
256 348 Saksa
88%
160 188 Venäjä
87%
1 022 587 Yhdistynyt kuningaskunta
83%
518 205 Australia
80%
142 239 Italia
73%
140 489 Thaimaa
72%
1 750 165 Bangladesh
70%
202 501 Nepal
69%
281 827 Sri Lanka
58%
307 526 Malesia
42%
205 383 Singapore
27%
Ehtoja vastaavia visoja ei löytynyt
Tulosjakauma
Jokaisen tuloksen saaneiden osuus
Persentiili vastausten määrän mukaan
Tuloshistoriasi
Et ole pelannut tätä visaa